Things I Hate - Statistics

General Stats
  • This quiz has been taken 27 times
  • The average score is 9 of 20
Answer Stats
Hint Answer % Correct
This bug is basically an aggressive, unproductive bee. Wasp/hornet
96%
This injury is way too easy to get by accident. All you have to do is open a book a little too fast. Paper cut
91%
This "hobby" lost practically all its benefit to society after mass production and factories became a thing. Since that clue is vague, your extra hint is "ceramics." Pottery
83%
Only farmers like this music. It's corny and it all sounds the same. Country music
78%
I'm probably biased since I'm allergic, but this food doesn't taste good. (exception: Reese's) Peanuts
74%
This film studio hasn't produced anything original since 2021. Disney
61%
This parking method has practically no margin of error. Parallel parking
61%
This article of clothing is supposed to be good for the summer, but it feels really weird to have air flow on your shoulders. Tank top
57%
The ugliest style of facial hair. Example: Adolf Hitler Mustache
52%
For a fast food chain that should have a majority of Chinese employees, they have none. Panda Express
52%
I don't hate the concept of these, just how every single one is set 10 mph lower than they should be. Speed Limits
48%
This Youtube channel makes decent videos I guess, but it nowhere near deserves over 200 million subscribers. T-Series
30%
This clothes shop is boring. The fact that its name sounds like the word "Cool" is ironic. Kohl's
22%
Fanta but worse Sunkist/Crush Orange
22%
All this body part does is cause strep throat and prevent you from easily swallowing things. Tonsils
22%
Why would you pay for one of these when all it does is mark your spot? Just walk into a Home Depot and grab a bunch of paint chips; they're the same shape and everything. Bookmarks
17%
In this movie, a mortal man nearly kills a godly being, but instead decides to be friends with him since their moms have the same name. Batman V. Superman
13%
This concept is the main cause of natural resource depletion, rapid spread of disease, and the line at my Chick-fil-A being 17 miles long. Overpopulation
4%
These types of essays give no room for creativity with their topic-body-conclusion format; and yet, every school ever forces them to be used. 5 paragraph essays
0%
This mobile game is most likely very bad, and yet you can't swing a dead cat without seeing an ad for it. Also, if I ever see anyone actually deciding something based one who has the most power, I will move to Mars. Rise of Kingdoms
0%
No matching quizzes found
Score Distribution
Percent of People with Each Score
Percentile by Number Answered
Your Score History
You have not taken this quiz